Una storia tutta per noi : Lillian Faderman: un'antologia /

Il testo propone una selezione di saggi di Lillian Faderman, storica, letterata e scrittrice di importante per la storia delle donne e la storia lesbica. Margherita Giacobino guida nella lettura e attraverso questi testi si percorre la storia delle molte donne che hanno amato altre donne, cercando d...

Description complète

Enregistré dans:
Détails bibliographiques
Auteur principal: Faderman, Lillian (Auteur)
Autres auteurs: Giacobino, Margherita, 1952- (Traducteur)
Format: Livre
Langue:italien
Publié: Milano : Il dito e la luna, 2006
Collection:Le scelte delle donne
Tags: Ajouter un tag
Pas de tags, Soyez le premier à ajouter un tag!

MARC

LEADER 00000nam a22000007i 4500
001 IT\ICCU\TO0\1514156
003 ItRI
005 20260124121930.0
008 060525s2006 it |||||| ||||| |||||c
020 |a 8886633386 
040 |b ita  |c GP 
041 7 |a ita  |2 ISO-639-2 
100 1 |a Faderman, Lillian  |0 IT\ICCU\MILV\114532  |4 aut 
245 1 4 |a Una storia tutta per noi :  |b Lillian Faderman: un'antologia /  |c a cura di Margherita Giacobino. 
260 |a Milano :  |b Il dito e la luna,  |c 2006 
300 |a 256 p. ;  |c 21 cm. 
520 |a Il testo propone una selezione di saggi di Lillian Faderman, storica, letterata e scrittrice di importante per la storia delle donne e la storia lesbica. Margherita Giacobino guida nella lettura e attraverso questi testi si percorre la storia delle molte donne che hanno amato altre donne, cercando di comprendere le modalità in cui si esprimevano queste relazioni nel contesto sociale del loro tempo. Punto di partenza è il bisogno di rintracciarne i precedenti, riportarne alla luce le testimonianze, e metterne in risalto le valenze positive, anch'esse cancellate e negate dalla storia recente. 
700 1 |a Giacobino, Margherita,  |d 1952-  |0 IT\ICCU\CFIV\137755  |4 trl  |9 4 
830 3 |a Le scelte delle donne  |0 IT\ICCU\RMG\0017703 
942 |2 ddc  |c BK 
952 |0 0  |1 0  |2 ddc  |4 0  |6 391_000000000000000_FAD_STO  |7 1  |9 132  |a GE  |b GE  |d 2015-03-08  |l 0  |o 391.00 FAD STO  |p 2301  |r 2023-11-06 17:54:37  |w 2023-11-06  |y BK 
952 |0 0  |1 0  |2 ddc  |4 0  |6 306_766300000000000_FAD_STO  |7 0  |9 242  |a CT  |b CT  |d 2023-11-18  |l 0  |o 306.7663 FAD STO  |p 1383  |r 2023-11-18 16:15:19  |w 2023-11-18  |y BK 
952 |0 0  |1 0  |2 ddc  |4 0  |6 306_766300000000000_FAD  |7 1  |9 693  |a RM  |b RM  |d 2024-02-20  |l 0  |o 306.7663 FAD  |p 278  |r 2024-02-20 19:12:49  |w 2024-02-20  |y BK 
952 |0 0  |1 0  |2 ddc  |4 0  |6 306_766300000000000_FAD_STO  |7 0  |9 4004  |a AO  |b AO  |d 2025-04-26  |l 0  |o 306.7663 FAD STO  |p 11189  |r 2025-04-26 11:15:17  |w 2025-04-26  |y BK 
952 |0 0  |1 0  |4 0  |6 L_306_766000000000000_FAD  |7 0  |9 17957  |a BO  |b BO  |d 2026-01-15  |i 11222  |l 0  |o L 306.766 FAD  |p BO11222  |r 2026-01-15 23:19:49  |w 2026-01-15  |x [Sebina 5] [1 v.]  |y BK  |z 1 v. 
999 |c 650  |d 650